000 03058nam a22005415i 4500
001 978-3-031-11629-2
003 DE-He213
005 20250103112326.0
007 cr nn 008mamaa
008 220910s2023 sz | s |||| 0|eng d
020 _a9783031116292
_9978-3-031-11629-2
024 _a10.1007/978-3-031-11629-2
_2doi
050 _aTJ1-1570
072 _aTRL
_2bicssc
072 _aTRA006000
_2bisacsh
072 _aTRL
_2thema
082 _a623.8
_223
100 _aAarnio, Markus.
_eauthor.
_4aut
_4http://id.loc.gov/vocabulary/relators/aut
245 _aCruise Ship Handbook
_h[electronic resource] /
_cby Markus Aarnio.
250 _a1st ed. 2023.
260 _aCham :
_bSpringer International Publishing :
_bImprint: Springer,
_c2023.
300 _aXXII, 190 p. 122 illus., 109 illus. in color.
_bonline resource.
336 _atext
_btxt
_2rdacontent
337 _acomputer
_bc
_2rdamedia
338 _aonline resource
_bcr
_2rdacarrier
347 _atext file
_bPDF
_2rda
490 _aSpringer Series on Naval Architecture, Marine Engineering, Shipbuilding and Shipping,
_x2194-8453 ;
_v14
505 _aWhat is a Cruise Ship? -- Rules and Regulations -- Safety -- Stability -- Hydrodynamics -- Environmental Aspects -- Structures -- Machinery and Propulsion.
520 _aThis book offers a concise, yet comprehensive introduction to the engineering and other principles behind passenger cruise ships. It covers all the important regulations concerning cruise ship design and operation, as well as safety, stability, and environmental aspects. It describes principles of cruise ship hydrodynamics, structures, power plant and propulsion, as well as relevant machinery and control system. Further, it deals with key cruise ship hotel systems, such as air conditioning, freshwater, firefighting, garbage, wastewater and communication systems, and many more. Written in a concise, straightforward style, and including many original drawings, this book offers a unique, informative and inspiring guide, to students and professionals in the field of naval architecture and marine engineering, cruise ship owners and managers, and curious cruise ship passengers alike.
650 _aMarine engineering.
650 _aTechnological innovations.
650 _aTransportation engineering.
650 _aTraffic engineering.
650 _aMarine Engineering.
650 _aInnovation and Technology Management.
650 _aTransportation Technology and Traffic Engineering.
710 _aSpringerLink (Online service)
773 _tSpringer Nature eBook
776 _iPrinted edition:
_z9783031116285
776 _iPrinted edition:
_z9783031116308
776 _iPrinted edition:
_z9783031116315
830 _aSpringer Series on Naval Architecture, Marine Engineering, Shipbuilding and Shipping,
_x2194-8453 ;
_v14
856 _uhttps://doi.org/10.1007/978-3-031-11629-2
912 _aZDB-2-ENG
912 _aZDB-2-SXE
999 _c12643
_d12643